| 000 | 00488nam a2200145 4500 | ||
|---|---|---|---|
| 999 |
_c15965 _d15965 |
||
| 008 | 210126b ||||| |||| 00| 0 eng d | ||
| 022 | _a0732-8435 | ||
| 082 | _aDPer 657.05 C33 Feb - Aug 2012, v. 82 | ||
| 100 |
_aBarry, Joanne A. _942836 |
||
| 245 |
_aA new business plan for CPE/ _cJoanne A. Barry. |
||
| 260 |
_aNew York: _bThe New York State Society of CPA, _c©2012. |
||
| 300 |
_av82 n4, page 7: _bcolor illustration; _c28 cm. |
||
| 650 |
_aBusiness _xPlan. _942837 |
||
| 942 |
_2ddc _cPER |
||